000
00349nam a2200169Ia 4500
100
_a
Vaswani/ Vikram
650
_a
SQL
942
_c
BK
366
_f
25
654
_a
SQL
245
_a
Complete Reference :My SQL
260
_b
Tata McGraw Hill
_c
2004
082
_a
5.133
_b
VAS
300
_a
540
546
_a
ENGLISH
_c
PAMPHALETS
999
_c
35732
_d
35732